Statistics for Football Players by Picture #13 - Youngsters 2018

Click here to take the quiz!

General Stats

  • This quiz has been taken 3,925 times
  • The average score is 13 of 16

Answer Stats

Answer% Correct
Kylian Mbappé
100%
Marcus Rashford
97%
Ousmane Dembélé
90%
Gabriel Jesus
89%
Gianluigi Donnarumma
89%
Leroy Sané
87%
Dele Alli
84%
Matthijs de Ligt
83%
Benjamin Pavard
82%
Anthony Martial
79%
Marco Asensio
79%
Sergej Milinković-Savić
65%
Hirving Lozano
64%
Thomas Lemar
61%
Leon Bailey
59%
Lucas Torreira
52%

Score Distribution

Percentile by Number Answered

Percent of People with Each Score

Your Score History

You have not taken this quiz